000 01952cam a22004334i 4500
003 PE-LiUPU
005 20250731173310.0
008 150616s1954 ag r 000 0 d
035 _a(Sirsi) a3688
040 _aPE-LiUPU
_bspa
_cPE-LiUPU
_erda
049 _aPRUA
082 0 4 _a281.1
_bC124h
_221
100 1 _aCádiz, Luis M. de,
_eautor.
245 1 0 _aHistoria de la literatura patrística /
_cLuis M. de Cadiz.
264 1 _aBuenos Aires :
_bEditorial Nova,
_c1954].
300 _a603 páginas ;
_c24 centímetros.
336 _atext
_2rdacontent
337 _aunmediated
_2rdamedia
338 _avolume
_2rdacarrier
490 0 _a(Biblioteca Histórica)
505 0 _aOrigen de la literatura patrística y albores de la ciencia teológica: -Libros del Nuevo Testamento -- Padres apostólicos -- Los filósofos paganos y los Apologistas del siglo II -- Literatura herética del siglo II -- Adversarios de la herejía del siglo II -- Las grandes escuelas catequísticas -- Escritores orientales en el siglo III -- Escritores occidentales en el siglo III. Apogeo de la literatura cristiana: -Panorama general -- Literatura heterodoxa en oriente -- Escritores de Alejandría y Egipto -- Escritores de Asia menor y Tracia -- Literatura heterodoxa en occidente -- Escritores ortodoxos en occidente. Decadencia y fin de la literatura patrística: -Actividades literarias de los griegos hasta el cisma de oriente -- Adormecimiento y despertar de la patrística en Oc.
526 _aSEG42
526 _aSEG41
526 _aSEG40
526 _aSEG39
526 _aP94
526 _aP87
526 _aP86
526 _aP85
526 _aP77
526 _aP76
526 _aP35
650 1 4 _a Literatura patristica
_xHistoria.
_94351
910 _ajck
942 _2ddc
_cBK
980 _81
_gALBERTO SANCHEZ Responsable de Automatización
999 _c45000
_d45000